<?xml version="1.0" encoding="UTF-8"?>
<record
    xmlns:xsi="http://www.w3.org/2001/XMLSchema-instance"
    xsi:schemaLocation="http://www.loc.gov/MARC21/slim http://www.loc.gov/standards/marcxml/schema/MARC21slim.xsd"
    xmlns="http://www.loc.gov/MARC21/slim">

  <leader>00719    a2200169   4500</leader>
  <controlfield tag="003">Nust</controlfield>
  <controlfield tag="005">20230201101112.0</controlfield>
  <datafield tag="040" ind1=" " ind2=" ">
    <subfield code="c">Nust</subfield>
  </datafield>
  <datafield tag="082" ind1=" " ind2=" ">
    <subfield code="a">808.83,LAM</subfield>
  </datafield>
  <datafield tag="100" ind1=" " ind2=" ">
    <subfield code="a">Tomasi Di Lampedusa, Giuseppe,</subfield>
    <subfield code="9">108333</subfield>
  </datafield>
  <datafield tag="245" ind1=" " ind2=" ">
    <subfield code="a">The leopard / </subfield>
    <subfield code="c">Giuseppe Di Lampedusa, </subfield>
    <subfield code="h">Translated from the Italian by Archibald Colquhoun.</subfield>
  </datafield>
  <datafield tag="260" ind1=" " ind2=" ">
    <subfield code="a">New York</subfield>
    <subfield code="b">Pantheon</subfield>
    <subfield code="c">1960</subfield>
  </datafield>
  <datafield tag="300" ind1=" " ind2=" ">
    <subfield code="a">319 p.</subfield>
    <subfield code="b">22 cm.</subfield>
  </datafield>
  <datafield tag="505" ind1=" " ind2=" ">
    <subfield code="a">Introduction to the Prince (Page-9), Donnafugata (Page-49), The Troubles of Don Fabrizio (Page-86), Love At Donnafugata (Page-126), Father Pirrone Pays a Visit (Page-175), A Ball (Page-196), Death of a Prince (Page-221), Relics (Page-234).</subfield>
  </datafield>
  <datafield tag="650" ind1=" " ind2=" ">
    <subfield code="a">Taly --Fiction.</subfield>
    <subfield code="9">108334</subfield>
  </datafield>
  <datafield tag="942" ind1=" " ind2=" ">
    <subfield code="2">ddc</subfield>
    <subfield code="c">BK</subfield>
    <subfield code="k">808.83,LAM</subfield>
  </datafield>
  <datafield tag="999" ind1=" " ind2=" ">
    <subfield code="c">190999</subfield>
    <subfield code="d">190999</subfield>
  </datafield>
  <datafield tag="952" ind1=" " ind2=" ">
    <subfield code="0">0</subfield>
    <subfield code="1">0</subfield>
    <subfield code="2">ddc</subfield>
    <subfield code="4">0</subfield>
    <subfield code="7">0</subfield>
    <subfield code="a">MCS</subfield>
    <subfield code="b">MCS</subfield>
    <subfield code="c">GEN</subfield>
    <subfield code="d">2016-12-12</subfield>
    <subfield code="o">808.83,LAM</subfield>
    <subfield code="p">MCS30048</subfield>
    <subfield code="r">2016-12-08</subfield>
    <subfield code="w">2016-12-12</subfield>
    <subfield code="y">BK</subfield>
    <subfield code="z">Almirah No. 57, Shelf No.1</subfield>
  </datafield>
</record>
